Защита от внутренней коррозии трубопроводов водяных тепловых сетей

Dades bibliogràfiques
Autor principal: Балабан-Ирменин Ю. В.
Altres autors: Липовских В. М., Рубашов А. М.
Sumari:Обобщены результаты исследований процессов внутренней коррозии трубопроводов водяных тепловых сетей. Рассмотрены типовые случаи локальной коррозии трубопроводов теплосети, причины возникновения и развития язвенных повреждений труб. Подробно рассмотрен промышленный опыт антикоррозионных мероприятий в России и за рубежом, способы контроля коррозии. Книга рассчитана на эксплуатационный инженерно-технический персонал предприятий тепловых сетей, электростанций и котельных, сотрудников наладочных, проектных и научно-исследовательских организаций.
Idioma:rus
Publicat: Москва, Новости теплотехники, 2008
Edició:2-е изд., перераб. и доп.
Matèries:
Format: Llibre
KOHA link:https://koha.lib.tpu.ru/cgi-bin/koha/opac-detail.pl?biblionumber=172814

MARC

LEADER 00000nam0a2200000 4500
001 172814
005 20231101223046.0
010 |a 9785942960186 
035 |a (RuTPU)RU\TPU\book\187408 
090 |a 172814 
100 |a 20091216d2008 k y0rusy50 ca 
101 0 |a rus 
102 |a RU 
105 |a a z 001zy 
200 1 |a Защита от внутренней коррозии трубопроводов водяных тепловых сетей  |f Ю. В. Балабан-Ирменин, В. М. Липовских, А. М. Рубашов 
205 |a 2-е изд., перераб. и доп. 
210 |a Москва  |c Новости теплотехники  |d 2008 
215 |a 280 с.  |c ил. 
320 |a Библиогр.: с. 269-276. 
330 |a Обобщены результаты исследований процессов внутренней коррозии трубопроводов водяных тепловых сетей. Рассмотрены типовые случаи локальной коррозии трубопроводов теплосети, причины возникновения и развития язвенных повреждений труб. Подробно рассмотрен промышленный опыт антикоррозионных мероприятий в России и за рубежом, способы контроля коррозии. Книга рассчитана на эксплуатационный инженерно-технический персонал предприятий тепловых сетей, электростанций и котельных, сотрудников наладочных, проектных и научно-исследовательских организаций. 
606 1 |a Тепловые сети водяные  |x Эксплуатация  |2 stltpush  |3 (RuTPU)RU\TPU\subj\59591  |9 77101 
610 1 |a металлы 
610 1 |a электрохимическая коррозия 
610 1 |a системы теплоснабжения 
610 1 |a химико-технологические параметры 
610 1 |a сетевая вода 
610 1 |a трубопроводы 
610 1 |a коррозия 
610 1 |a анионный состав 
610 1 |a растворенные газы 
610 1 |a углеродистые стали 
610 1 |a язвы 
610 1 |a внутренние поверхности 
610 1 |a отложения 
610 1 |a контроль 
610 1 |a зарубежные теплосети 
675 |a 697.4  |v 3 
700 1 |a Балабан-Ирменин  |b Ю. В. 
701 1 |a Липовских  |b В. М. 
701 1 |a Рубашов  |b А. М. 
801 1 |a RU  |b 63413507  |c 20091216 
801 2 |a RU  |b 63413507  |c 20101122  |g RCR 
942 |c BK 
959 |a 125/20091215  |d 1  |e 770,00  |f ЧЗТЛ:1